Petition of the Incorporated Society of Valuers and Auctioneers (Record no. 114298)
[ view plain ]
| 000 -LEADER | |
|---|---|
| fixed length control field | 00578cam a22001815a 4500 |
| 001 - CONTROL NUMBER | |
| control field | L156578 |
| 008 - FIXED-LENGTH DATA ELEMENTS--GENERAL INFORMATION | |
| fixed length control field | 120611s1986 xxk f 000 0 eng d |
| 035 ## - SYSTEM CONTROL NUMBER | |
| System control number | (Sirsi) u156578 |
| 041 0# - LANGUAGE CODE | |
| Language code of text/sound track or separate title | eng |
| 110 2# - MAIN ENTRY--CORPORATE NAME | |
| Corporate name or jurisdiction name as entry element | Incorporated Society of Valuers and Auctioneers |
| 9 (RLIN) | 1201 |
| 245 00 - TITLE STATEMENT | |
| Title | Petition of the Incorporated Society of Valuers and Auctioneers |
| 260 ## - PUBLICATION, DISTRIBUTION, ETC. | |
| Place of publication, distribution, etc. | [London] |
| Name of publisher, distributor, etc. | [ISVA] |
| Date of publication, distribution, etc. | [1986] |
| 300 ## - PHYSICAL DESCRIPTION | |
| Extent | 30 p. |
| Dimensions | 34 cm. |
| 520 ## - SUMMARY, ETC. | |
| Summary, etc. | A petition with regards to the granting of a Royal Charter to the ISVA. |
| 651 #4 - SUBJECT ADDED ENTRY--GEOGRAPHIC NAME | |
| Geographic name | Great Britain |
| Chronological subdivision | 1707- |
| 690 ## - LOCAL SUBJECT ADDED ENTRY--TOPICAL TERM (OCLC, RLIN) | |
| Topical term or geographic name as entry element | Valuation |
| 9 (RLIN) | 6273 |
| 942 ## - ADDED ENTRY ELEMENTS (KOHA) | |
| Suppress in OPAC | 0 |
| Withdrawn status | Lost status | Source of classification or shelving scheme | Damaged status | Not for loan | Home library | Current library | Shelving location | Date acquired | Total Checkouts | Full call number | Barcode | Date last seen | Copy number | Price effective from | Koha item type |
|---|---|---|---|---|---|---|---|---|---|---|---|---|---|---|---|
| Dewey Decimal Classification | Historic collection | Historic collection | RICS Boxes | 11/06/2012 | RICS 1986/85 | 30076929 | 06/08/2019 | 1 | 06/08/2019 | Archive | |||||
| Dewey Decimal Classification | London | London | RICS Boxes | 11/06/2012 | RICS 1986/85 | 30076937 | 06/08/2019 | 1 | 06/08/2019 | Reference material | |||||
| Dewey Decimal Classification | London | London | RICS Boxes | 11/06/2012 | RICS 1986/85 | 30076933 | 06/08/2019 | 2 | 06/08/2019 | Reference material |